000 00445nam a22001697a 4500
999 _c12412
_d12412
008 210201b ||||| |||| 00| 0 eng d
082 0 0 _a621.38412
_bA2111
100 _92581
_aAdams, Thomas M.
245 1 0 _aRadio circuits
_cBy Thomas M. Adams
250 _a1st ed.
260 _aSlough
_bW. Foulsham & Co. Ltd.
_c1965.
300 _a160p.
365 _d21.60
490 0 _aBasic Electronics Series
650 0 _aRadio Circuits
942 _cBK